[Event "AUT-chT2O 2021"]
[Site "Austria"]
[Date "2020.10.18"]
[Round "2.5"]
[White "Plank, Franz"]
[Black "Balint, Peter1111"]
[Result "1/2-1/2"]
[WhiteElo "2163"]
[BlackElo "1923"]
[PlyCount "54"]
[EventDate "2020.10.17"]
[EventType "team-tourn"]
[EventRounds "11"]
[EventCountry "AUT"]
[SourceTitle "CBM 199 Extra"]
[Source "ChessBase"]
[SourceDate "2021.01.31"]
[SourceVersion "1"]
[SourceVersionDate "2021.01.31"]
[SourceQuality "1"]
[WhiteTeam "Ottakring"]
[BlackTeam "Pamhagen II"]
[WhiteTeamCountry "AUT"]
[BlackTeamCountry "AUT"]

1. e4 e5 2. d4 exd4 3. Qxd4 Nc6 4. Qe3 d6 5. Nc3 Nf6 6. Bd2 Be7 7. 0-0-0 a6 8. Qg3 0-0 9. f4 b5 10. e5 Nd7 11. Nf3 Re8 12. h4 Bf8 13. exd6 Bxd6 14. Nd5 b4 15. Re1 Rxe1+ 16. Qxe1 Bb7 17. Ng5 a5 18. Bc4 Ba6 19. Qe4 g6 20. Ne3 Nc5 21. Bxf7+ Kh8 22. Qf3 Nd4 23. Qg4 Be2 24. Qg3 Bb5 25. Qg4 Be2 26. Qg3 Bb5 27. Qg4 Be2 1/2-1/2

[Event "AUT-chT2O 1920"]
[Site "Austria"]
[Date "2019.10.19"]
[Round "1.6"]
[White "Froewis, Annika"]
[Black "Plank, Franz"]
[Result "1-0"]
[WhiteElo "2074"]
[BlackElo "2172"]
[PlyCount "57"]
[EventDate "2019.10.19"]
[EventType "team-tourn"]
[EventRounds "11"]
[EventCountry "AUT"]
[SourceTitle "CBM 192 Extra"]
[Source "Chessbase"]
[SourceDate "2019.11.06"]
[SourceVersion "1"]
[SourceVersionDate "2019.11.06"]
[SourceQuality "1"]
[WhiteTeam "Donaustadt"]
[BlackTeam "Wien Ottakring"]
[WhiteTeamCountry "AUT"]
[BlackTeamCountry "AUT"]

1. e4 d5 2. exd5 Qxd5 3. Nc3 Qa5 4. d4 Nf6 5. Nf3 Bf5 6. Ne5 c6 7. Bc4 e6 8. g4 Bg6 9. h4 b5 10. Bb3 b4 11. Ne2 Be4 12. Rh3 Nbd7 13. Nc4 Qa6 14. g5 Bd5 15. Qd3 c5 16. gxf6 Nxf6 17. Bf4 0-0-0 18. Ne5 Qb7 19. Bc4 Bxc4 20. Qxc4 Rd5 21. a3 Bd6 22. axb4 Bxe5 23. Bxe5 Kd7 24. Nc3 cxb4 25. Nxd5 Nxd5 26. Qa6 Qxa6 27. Rxa6 Rc8 28. Rxa7+ Ke8 29. Kd2 1-0

[Event "AUT-chT2O 1819"]
[Site "Austria"]
[Date "2019.03.31"]
[Round "11.4"]
[White "Plank, Franz"]
[Black "Kummer, Helmut"]
[Result "1/2-1/2"]
[WhiteElo "2195"]
[BlackElo "2297"]
[PlyCount "120"]
[EventDate "2018.10.06"]
[EventType "team-tourn"]
[EventRounds "11"]
[EventCountry "AUT"]
[SourceTitle "CBM 189 Extra"]
[Source "ChessBase"]
[SourceDate "2019.06.03"]
[SourceVersion "1"]
[SourceVersionDate "2019.06.03"]
[SourceQuality "1"]
[WhiteTeam "Wien Ottakring"]
[BlackTeam "Donaustadt"]
[WhiteTeamCountry "AUT"]
[BlackTeamCountry "AUT"]

1. e4 e5 2. d4 exd4 3. Qxd4 Nc6 4. Qe3 Nf6 5. Be2 d6 6. Nc3 Be7 7. Nh3 0-0 8. Nf4 Re8 9. 0-0 Bf8 10. f3 Nb4 11. Qd2 c6 12. a3 Na6 13. Bc4 Nc7 14. Rd1 Qe7 15. Qf2 Ne6 16. Be3 h6 17. Re1 Nxf4 18. Bxf4 Be6 19. Bxe6 Qxe6 20. Rad1 a6 21. Be3 Rad8 22. Bb6 Rd7 23. Re2 Be7 24. Red2 Bd8 25. Re2 Bxb6 26. Qxb6 Red8 27. a4 Nh7 28. Red2 f5 29. Qd4 Nf6 30. exf5 Qxf5 31. Re2 d5 32. a5 Rf8 33. Qe5 Qxe5 34. Rxe5 Rdf7 35. Rd4 Nd7 36. Re2 Rf4 37. Rxf4 Rxf4 38. b3 Kf7 39. Re1 Rf6 40. Kf2 Re6 41. Rd1 Ke7 42. b4 Kd8 43. Ne2 Kc7 44. Nd4 Re5 45. Nb3 g6 46. Rd4 b6 47. Rf4 bxa5 48. Nxa5 Re7 49. Rd4 Kb6 50. Rd3 Kb5 51. c3 Nb6 52. Rd1 Na4 53. Rd3 Nb2 54. Rd2 Nc4 55. Ra2 Ne3 56. Ra1 Nc2 57. Rc1 Na3 58. Ra1 Nc2 59. Rc1 Na3 60. Ra1 Nc2 1/2-1/2

[Event "AUT-chT2O 1819"]
[Site "Austria"]
[Date "2019.03.30"]
[Round "10.3"]
[White "Zojer, Stefan"]
[Black "Plank, Franz"]
[Result "1/2-1/2"]
[WhiteElo "2125"]
[BlackElo "2195"]
[PlyCount "79"]
[EventDate "2018.10.06"]
[EventType "team-tourn"]
[EventRounds "11"]
[EventCountry "AUT"]
[SourceTitle "CBM 189 Extra"]
[Source "ChessBase"]
[SourceDate "2019.06.03"]
[SourceVersion "1"]
[SourceVersionDate "2019.06.03"]
[SourceQuality "1"]
[WhiteTeam "Baden Invest"]
[BlackTeam "Wien Ottakring"]
[WhiteTeamCountry "AUT"]
[BlackTeamCountry "AUT"]

1. d4 d5 2. Nf3 c5 3. e3 Nc6 4. Nbd2 cxd4 5. exd4 Nf6 6. c3 a6 7. Bd3 Bg4 8. Nf1 Bh5 9. Ng3 Bg6 10. Ne5 Bxd3 11. Qxd3 e6 12. 0-0 Nxe5 13. dxe5 Nd7 14. Re1 Rc8 15. Nh5 g6 16. Nf6+ Nxf6 17. Bg5 Be7 18. exf6 Bxf6 19. Bxf6 Qxf6 20. Qxd5 0-0 21. Qxb7 Rb8 22. Qxa6 Rxb2 23. Re2 Rxe2 24. Qxe2 Qxc3 25. Qe1 Qxe1+ 26. Rxe1 Ra8 27. Ra1 Ra3 28. Kf1 Kf8 29. Ke2 Ke7 30. Kd2 Kd6 31. Kc2 Kc5 32. Kb2 Kb4 33. Rd1 Ra7 34. Rd4+ Kc5 35. Rh4 h5 36. Rf4 f5 37. Rf3 g5 38. Rd3 h4 39. a3 g4 40. Kc2 1/2-1/2

[Event "AUT-chT2O 1415"]
[Site "Austria"]
[Date "2014.10.19"]
[Round "2.2"]
[White "Srienz, Christian"]
[Black "Plank, Franz"]
[Result "0-1"]
[WhiteElo "2255"]
[BlackElo "2259"]
[PlyCount "82"]
[EventDate "2014.10.18"]
[EventType "team-tourn"]
[EventRounds "11"]
[EventCountry "AUT"]
[SourceTitle "EXT 2015"]
[Source "ChessBase"]
[SourceDate "2014.11.20"]
[SourceVersion "1"]
[SourceVersionDate "2014.11.20"]
[SourceQuality "1"]
[WhiteTeam "Tschaturanga"]
[BlackTeam "Hietzing/Ottakring"]
[WhiteTeamCountry "AUT"]
[BlackTeamCountry "AUT"]

1. c4 e6 2. Nc3 d5 3. d4 c6 4. e4 dxe4 5. Nxe4 Bb4+ 6. Bd2 Qxd4 7. Bxb4 Qxe4+ 8. Be2 a5 9. Bd6 Nh6 10. Nf3 Nf5 11. 0-0 Nxd6 12. Qxd6 Qf5 13. Ne5 Qf6 14. Bh5 g6 15. Bf3 Qe7 16. Qd4 0-0 17. Rad1 f6 18. Ng4 e5 19. Qd6 Qxd6 20. Rxd6 Bxg4 21. Bxg4 f5 22. Be2 Na6 23. Rfd1 Nc5 24. h4 Kf7 25. f3 Ke7 26. h5 Rad8 27. Rxd8 Rxd8 28. Rxd8 Kxd8 29. hxg6 hxg6 30. b3 Ke7 31. Kf2 Kd6 32. Ke3 g5 33. Bd1 f4+ 34. Ke2 e4 35. fxe4 Nxe4 36. Kf3 Nf6 37. g3 fxg3 38. Kxg3 Ke5 39. Kf3 Kd4 40. a4 Ne4 41. Kg4 Nf2+ 0-1

[Event "AUT-chT2O 1314"]
[Site "Austria"]
[Date "2013.11.23"]
[Round "3.6"]
[White "Plank, Franz"]
[Black "Mesaros, Florian"]
[Result "1-0"]
[WhiteElo "2232"]
[BlackElo "2180"]
[PlyCount "101"]
[EventDate "2013.10.05"]
[EventType "team-tourn"]
[EventRounds "11"]
[EventCountry "AUT"]
[SourceTitle "CBM 157 Extra"]
[Source "ChessBase"]
[SourceDate "2013.12.19"]
[SourceVersion "1"]
[SourceVersionDate "2013.12.19"]
[SourceQuality "1"]
[WhiteTeam "Hietzing/Ottakring"]
[BlackTeam "Wulkaprodersdorf"]
[WhiteTeamCountry "AUT"]
[BlackTeamCountry "AUT"]

1. e4 c5 2. d4 cxd4 3. Qxd4 Nc6 4. Qd3 Nf6 5. c4 e6 6. Nc3 Be7 7. Nf3 0-0 8. a3 Qa5 9. Rb1 d5 10. Bd2 dxe4 11. Nxe4 Qc7 12. Nxf6+ Bxf6 13. Be2 b6 14. 0-0 Bb7 15. Ng5 Bxg5 16. Bxg5 Qe5 17. Qe3 Rac8 18. Qxe5 Nxe5 19. Rbc1 f6 20. Bf4 Rfd8 21. Rfd1 Rxd1+ 22. Rxd1 Nxc4 23. Bxc4 Rxc4 24. Rd8+ Kf7 25. Rd7+ Kg6 26. Rxb7 Rxf4 27. Rxa7 Rc4 28. g3 Rc2 29. b4 Rc3 30. b5 h5 31. h4 Rb3 32. a4 Rb4 33. Kg2 Rd4 34. Kf3 Rd3+ 35. Ke4 Ra3 36. Kd4 Kf5 37. Ra6 g5 38. Kc4 gxh4 39. gxh4 e5 40. Kb4 Rf3 41. Rxb6 Rxf2 42. a5 e4 43. Rb8 e3 44. Re8 Rb2+ 45. Kc5 Rc2+ 46. Kb6 e2 47. a6 Rd2 48. a7 Rd6+ 49. Kc7 Re6 50. Rxe6 Kxe6 51. a8Q 1-0

[Event "AUT-chT2O 1314"]
[Site "Austria"]
[Date "2013.10.06"]
[Round "2.6"]
[White "Higatsberger, Michael"]
[Black "Plank, Franz"]
[Result "1/2-1/2"]
[WhiteElo "2197"]
[BlackElo "2232"]
[PlyCount "128"]
[EventDate "2013.10.05"]
[EventType "team-tourn"]
[EventRounds "11"]
[EventCountry "AUT"]
[SourceTitle "EXT 2014"]
[Source "ChessBase"]
[SourceDate "2013.11.20"]
[SourceVersion "1"]
[SourceVersionDate "2013.11.20"]
[SourceQuality "1"]
[WhiteTeam "Austria"]
[BlackTeam "Hietzing/Ottakring"]
[WhiteTeamCountry "AUT"]
[BlackTeamCountry "AUT"]

1. e4 d5 2. exd5 Qxd5 3. Nc3 Qa5 4. d4 Nf6 5. Bc4 Nc6 6. Nf3 Bg4 7. Bd2 Qf5 8. d5 Ne5 9. Bb5+ Nfd7 10. Nxe5 Qxe5+ 11. Be2 Bxe2 12. Qxe2 Qxe2+ 13. Kxe2 0-0-0 14. Be3 Nf6 15. Rhd1 a6 16. Kf3 g6 17. Bd4 Bg7 18. g4 Rhg8 19. g5 Ne8 20. Bxg7 Nxg7 21. Ne4 Nf5 22. c4 Nd6 23. Rd4 Nxe4 24. Rxe4 Rd7 25. Rae1 Re8 26. Rh4 Rh8 27. Re3 f6 28. Kg4 c6 29. dxc6 bxc6 30. Reh3 Rd4+ 31. Kg3 Rxh4 32. Kxh4 h6 33. gxf6 exf6 34. Ra3 Rd8 35. Rxa6 Rd4+ 36. Kg3 Rxc4 37. Ra7 h5 38. Rf7 Rg4+ 39. Kf3 f5 40. h3 Rg1 41. a4 c5 42. a5 Kb8 43. a6 Ra1 44. Rf6 Rg1 45. Kf4 Rg2 46. Ke3 Ka7 47. b3 Rh2 48. Rxg6 Rxh3+ 49. f3 Rh4 50. Rc6 Rb4 51. Rxc5 f4+ 52. Ke2 Rxb3 53. Rxh5 Kxa6 54. Re5 Kb6 55. Re4 Kc5 56. Rxf4 Kd5 57. Re4 Ra3 58. Kf2 Ra8 59. Kg3 Rg8+ 60. Rg4 Ra8 61. Rg6 Ke5 62. f4+ Kf5 63. Rg5+ Kf6 64. Kg4 Ra1 1/2-1/2

[Event "AUT-chT2O 1213"]
[Site "Austria"]
[Date "2013.02.02"]
[Round "6.6"]
[White "Bauer, Manfred2222"]
[Black "Plank, Franz"]
[Result "0-1"]
[WhiteElo "1938"]
[BlackElo "2198"]
[PlyCount "118"]
[EventDate "2012.10.06"]
[EventType "team-tourn"]
[EventRounds "11"]
[EventCountry "AUT"]
[SourceTitle "EXT 2014"]
[Source "ChessBase"]
[SourceDate "2013.11.20"]
[SourceVersion "1"]
[SourceVersionDate "2013.11.20"]
[SourceQuality "1"]
[WhiteTeam "Purbach"]
[BlackTeam "Wien Ottakring"]
[WhiteTeamCountry "AUT"]
[BlackTeamCountry "AUT"]

1. d4 d5 2. Bf4 Nf6 3. e3 c5 4. c3 Nc6 5. Nf3 Qb6 6. Qb3 c4 7. Qxb6 axb6 8. Na3 Bf5 9. Nh4 e6 10. Nxf5 exf5 11. Nc2 b5 12. a3 Kd7 13. Be2 Bd6 14. Bxd6 Kxd6 15. 0-0 Rhe8 16. Bf3 g6 17. h3 h5 18. h4 Nd7 19. g3 Nf6 20. Kg2 Nb8 21. Rfe1 Nbd7 22. Rab1 Nb6 23. Kf1 Na4 24. Bg2 Rac8 25. f3 Rc7 26. Kf2 Rce7 27. Bh3 Re6 28. Re2 Ng8 29. Ne1 R6e7 30. Bg2 Nh6 31. Bh3 f6 32. f4 Nf7 33. Nf3 Kc6 34. Ne1 Nd6 35. Bg2 Rg7 36. Nc2 Ne4+ 37. Bxe4 fxe4 38. Rh1 Kd6 39. Nb4 Rh8 40. Rc2 Nb6 41. Na2 Ke6 42. Nc1 Rgh7 43. Ne2 Ra8 44. Kg2 Kf5 45. Ng1 Nc8 46. Nh3 Ne7 47. Nf2 Ke6 48. Nd1 Nf5 49. Rf2 Rg8 50. Rhf1 Rf7 51. Kh3 g5 52. hxg5 fxg5 53. Rg2 g4+ 54. Kh2 Rh7 55. Rh1 h4 56. Kg1 Rgh8 57. Rhh2 h3 58. Rd2 Nxg3 59. Nf2 Nf5 0-1

[Event "AUT-chT2O 1213"]
[Site "Austria"]
[Date "2012.10.06"]
[Round "1.5"]
[White "Plank, Franz"]
[Black "Bezuch, Martin"]
[Result "1/2-1/2"]
[WhiteElo "2198"]
[BlackElo "2291"]
[PlyCount "32"]
[EventDate "2012.10.06"]
[EventType "team-tourn"]
[EventRounds "11"]
[EventCountry "AUT"]
[SourceTitle "EXT 2013"]
[Source "ChessBase"]
[SourceDate "2012.11.22"]
[SourceVersion "1"]
[SourceVersionDate "2012.11.22"]
[SourceQuality "1"]
[WhiteTeam "Wien Ottakring"]
[BlackTeam "Pamhagen"]
[WhiteTeamCountry "AUT"]
[BlackTeamCountry "AUT"]

1. e4 g6 2. d4 Bg7 3. c3 d6 4. Nf3 Nd7 5. Bd3 e5 6. 0-0 Ngf6 7. Re1 0-0 8. Nbd2 h6 9. Nc4 Re8 10. dxe5 dxe5 11. Bc2 Nh5 12. Ne3 Nf4 13. Nd5 Ne6 14. Ne3 Nf4 15. Nd5 Ne6 16. Ne3 Nf4 1/2-1/2

[Event "AUT-chT2O 1112"]
[Site "Austria"]
[Date "2011.10.15"]
[Round "1.5"]
[White "Wiedner, Robert"]
[Black "Plank, Franz"]
[Result "1-0"]
[WhiteElo "2132"]
[BlackElo "2273"]
[PlyCount "89"]
[EventDate "2011.10.15"]
[EventType "team-tourn"]
[EventRounds "11"]
[EventCountry "AUT"]
[SourceTitle "EXT 2013"]
[Source "ChessBase"]
[SourceDate "2012.11.22"]
[SourceVersion "1"]
[SourceVersionDate "2012.11.22"]
[SourceQuality "1"]
[WhiteTeam "Mattersburg"]
[BlackTeam "Wien Ottakring"]
[WhiteTeamCountry "AUT"]
[BlackTeamCountry "AUT"]

1. Nf3 d5 2. b4 e6 3. Bb2 Nf6 4. a3 a5 5. b5 c5 6. e3 Nbd7 7. c4 Bd6 8. Nc3 0-0 9. d4 cxd4 10. Nxd4 Nb6 11. cxd5 Nbxd5 12. Nxd5 Nxd5 13. Bd3 Qg5 14. Nf3 Qe7 15. Qa4 e5 16. 0-0 Nb6 17. Qc2 g6 18. Nd2 Be6 19. Rfc1 Rac8 20. Qd1 Rxc1 21. Bxc1 f6 22. Ne4 Bc7 23. a4 Rd8 24. Qc2 Kg7 25. Bb2 Nd5 26. Bc4 Nb4 27. Qe2 Bf5 28. Qf3 Bb6 29. g4 Bxe4 30. Qxe4 g5 31. Kg2 Bc5 32. h4 h6 33. hxg5 hxg5 34. Rh1 Rh8 35. Rxh8 Kxh8 36. Qg6 Qf8 37. Be6 b6 38. f4 gxf4 39. exf4 Bd4 40. Bxd4 exd4 41. g5 fxg5 42. fxg5 Qa8+ 43. Kg3 Qb8+ 44. Kg4 Qf8 45. Qh5+ 1-0

[Event "HUN-chT2 Szechenyi 0910"]
[Site "Hungary"]
[Date "2010.02.14"]
[Round "6.4"]
[White "Pinterne, Kovacs Marta"]
[Black "Plank, Franz"]
[Result "1-0"]
[WhiteElo "2145"]
[BlackElo "2273"]
[PlyCount "97"]
[EventDate "2009.11.08"]
[EventType "team-tourn"]
[EventRounds "11"]
[EventCountry "HUN"]
[SourceTitle "EXT 2011"]
[Source "ChessBase"]
[SourceDate "2010.11.26"]
[SourceVersion "1"]
[SourceVersionDate "2010.11.26"]
[SourceQuality "1"]
[WhiteTeam "Keszthely"]
[BlackTeam "Lovo"]
[WhiteTeamCountry "HUN"]
[BlackTeamCountry "HUN"]

1. d4 d5 2. Nf3 e6 3. Bg5 Be7 4. Bxe7 Qxe7 5. Nc3 Nf6 6. g3 0-0 7. Bg2 Qb4 8. Rb1 c5 9. 0-0 Nc6 10. a3 Qc4 11. e3 cxd4 12. exd4 Bd7 13. Re1 Na5 14. Ne5 Qc7 15. Nxd7 Qxd7 16. Ne2 Rab8 17. Nf4 Rfc8 18. Nd3 Qc7 19. c3 Nc4 20. f4 Nd6 21. Nf2 b5 22. g4 a5 23. g5 Nd7 24. Nd3 g6 25. h4 Nc4 26. Rc1 Qb6 27. Qe2 Rc7 28. Qf2 Rbc8 29. h5 Nd6 30. Rcd1 Nf5 31. Bh3 Qd6 32. Re2 Ne7 33. Rde1 Nf5 34. hxg6 hxg6 35. Bxf5 exf5 36. Qh4 Qf8 37. Kg2 Qg7 38. Re7 Qf8 39. R1e2 Nb6 40. Rxc7 Rxc7 41. Qe1 Rc8 42. Nc5 Qd8 43. Re7 Qd6 44. Kg3 Kf8 45. Re2 a4 46. Qh1 Kg8 47. Rh2 Kf8 48. Rh8+ Ke7 49. Qe1+ 1-0

[Event "HUN-chT2 Charousek 0607"]
[Site "Hungary"]
[Date "2007.05.06"]
[Round "10"]
[White "Mihalka, Zsolt"]
[Black "Plank, Franz"]
[Result "1/2-1/2"]
[WhiteElo "2190"]
[BlackElo "2302"]
[PlyCount "154"]
[EventDate "2006.11.12"]
[EventType "team"]
[EventRounds "11"]
[EventCountry "HUN"]
[SourceTitle "EXT 2008"]
[Source "ChessBase"]
[SourceDate "2007.11.25"]
[SourceVersion "1"]
[SourceVersionDate "2007.11.25"]
[SourceQuality "1"]
[WhiteTeam "Penzugyor"]
[BlackTeam "Lovo"]
[WhiteTeamCountry "HUN"]
[BlackTeamCountry "HUN"]

1. e4 d5 2. exd5 Qxd5 3. Nc3 Qa5 4. Nf3 Nf6 5. Be2 c6 6. 0-0 Bg4 7. b4 Qc7 8. d4 e6 9. Rb1 Bd6 10. Ne5 Bxe2 11. Qxe2 Nbd7 12. Nxd7 Qxd7 13. Ne4 Be7 14. Nxf6+ Bxf6 15. c3 0-0 16. Bf4 Rfd8 17. Be5 Bxe5 18. Qxe5 Qd5 19. Qe2 b5 20. a3 a5 21. Ra1 Ra7 22. h3 Rda8 23. Qb2 Qc4 24. Rfc1 Qd5 25. Re1 Ra6 26. Reb1 h6 27. Re1 Qd7 28. Rec1 Qa7 29. Rab1 Rd8 30. Re1 Rd7 31. Ra1 Rd8 32. Rf1 Ra8 33. Rac1 Qb7 34. Ra1 R8a7 35. Rfe1 Qa8 36. Rac1 axb4 37. axb4 Ra2 38. Qb1 Qd8 39. Qe4 Qd5 40. Qf4 Ra8 41. Re5 Qd6 42. Qf3 Ra1 43. Ree1 Rxc1 44. Rxc1 Qd5 45. Qg3 Qe4 46. Qe3 Qxe3 47. fxe3 Ra2 48. e4 Kf8 49. Re1 Rc2 50. Re3 Ke7 51. e5 h5 52. h4 f6 53. Kh2 Kf7 54. Kh3 f5 55. Rf3 Kg6 56. Rg3+ Kh6 57. Rf3 g5 58. hxg5+ Kxg5 59. g3 Kg6 60. Rd3 Kh6 61. Re3 Kg5 62. Rf3 Re2 63. Rd3 Rf2 64. Re3 f4 65. gxf4+ Kxf4 66. Rg3 Rf3 67. Rxf3+ Kxf3 68. Kh4 Ke4 69. Kxh5 Kd3 70. Kg6 Kxc3 71. Kf6 Kxd4 72. Kxe6 c5 73. bxc5 Kxc5 74. Kf7 b4 75. e6 b3 76. e7 b2 77. e8Q b1Q 1/2-1/2

[Event "HUN-chT2 Charousek 0607"]
[Site "Hungary"]
[Date "2007.01.28"]
[Round "4"]
[White "Berta, Tibor"]
[Black "Plank, Franz"]
[Result "0-1"]
[WhiteElo "2138"]
[BlackElo "2302"]
[PlyCount "80"]
[EventDate "2006.11.12"]
[EventType "team"]
[EventRounds "11"]
[EventCountry "HUN"]
[SourceTitle "EXT 2008"]
[Source "ChessBase"]
[SourceDate "2007.11.25"]
[SourceVersion "1"]
[SourceVersionDate "2007.11.25"]
[SourceQuality "1"]
[WhiteTeam "Paks II"]
[BlackTeam "Lovo"]
[WhiteTeamCountry "HUN"]
[BlackTeamCountry "HUN"]

1. d4 d5 2. Nf3 e6 3. c4 c6 4. Nc3 dxc4 5. a4 Bb4 6. e3 b5 7. Ne5 Nf6 8. Bd2 Qe7 9. Be2 Bb7 10. 0-0 a6 11. Bf3 Nd5 12. e4 Nxc3 13. bxc3 Bd6 14. Ng4 Qc7 15. e5 Be7 16. Be4 Nd7 17. Qf3 Nb6 18. a5 Nd5 19. Ne3 h6 20. Qg3 Bf8 21. f4 g6 22. Qf3 0-0-0 23. Nc2 c5 24. Kh1 h5 25. h3 Be7 26. Rfd1 Rd7 27. Ne3 cxd4 28. cxd4 Nxe3 29. Bxe3 Bxe4 30. Qxe4 Qb7 31. Qc2 Qd5 32. Rdc1 Kb8 33. Rab1 Rc8 34. Kh2 h4 35. Bf2 Ka8 36. Qe2 Rb7 37. Qe1 b4 38. Qe2 Rb5 39. Ra1 b3 40. Ra4 c3 0-1

[Event "HUN-chT2 Charousek 0607"]
[Site "Hungary"]
[Date "2006.11.12"]
[Round "1"]
[White "Plank, Franz"]
[Black "Frank, Jozsef1111"]
[Result "1/2-1/2"]
[WhiteElo "2302"]
[BlackElo "2170"]
[PlyCount "98"]
[EventDate "2006.11.12"]
[EventType "team"]
[EventRounds "11"]
[EventCountry "HUN"]
[SourceTitle "EXT 2008"]
[Source "ChessBase"]
[SourceDate "2007.11.25"]
[SourceVersion "1"]
[SourceVersionDate "2007.11.25"]
[SourceQuality "1"]
[WhiteTeam "Lovo"]
[BlackTeam "Gyor Elektromos"]
[WhiteTeamCountry "HUN"]
[BlackTeamCountry "HUN"]

1. e4 c5 2. Nf3 e6 3. c3 d5 4. exd5 exd5 5. d4 Bd6 6. dxc5 Bxc5 7. Bb5+ Nc6 8. Qe2+ Nge7 9. Be3 Qb6 10. Bxc5 Qxc5 11. Nbd2 Bg4 12. h3 Bh5 13. Bxc6+ bxc6 14. Qe5 Bxf3 15. Nxf3 0-0 16. 0-0 Ng6 17. Qd4 Qb6 18. b3 Qc7 19. Rfe1 Rfe8 20. Rxe8+ Rxe8 21. Re1 Rxe1+ 22. Nxe1 Nf4 23. Qe3 Ne6 24. Nf3 c5 25. g3 h6 26. h4 Qd6 27. Qe5 Qd8 28. Kf1 d4 29. cxd4 cxd4 30. Ke2 Qb6 31. Kd1 Qa6 32. Qe2 d3 33. Qb2 Nc5 34. Ne1 Ne4 35. Qd4 f5 36. Qd5+ Kh8 37. Qxf5 Nc3+ 38. Kd2 Nb1+ 39. Ke3 Qxa2 40. Qf8+ Kh7 41. Qf5+ Kh8 42. Qxd3 Qb2 43. Qd8+ Kh7 44. Qd3+ Kh8 45. Nc2 a5 46. Qd8+ Kh7 47. Qd3+ Kh8 48. Qd8+ Kh7 49. Qd3+ Kh8 1/2-1/2

[Event "AUT-chT2O 0405"]
[Site "Austria"]
[Date "2004.11.21"]
[Round "4.3"]
[White "Plank, Franz"]
[Black "Kummer, Helmut"]
[Result "1/2-1/2"]
[WhiteElo "2305"]
[BlackElo "2350"]
[PlyCount "26"]
[EventDate "2004.10.09"]
[EventType "team-tourn"]
[EventRounds "11"]
[EventCountry "AUT"]
[SourceTitle "EXT 2005"]
[Source "ChessBase"]
[SourceDate "2004.11.15"]
[SourceVersion "1"]
[SourceVersionDate "2004.11.15"]
[SourceQuality "1"]
[WhiteTeam "Gols Raiba"]
[BlackTeam "Wulkaprodersdorf"]
[WhiteTeamCountry "AUT"]
[BlackTeamCountry "AUT"]

1. d4 f5 2. Bg5 Nf6 3. e3 e6 4. Nd2 Be7 5. Bd3 d5 6. c4 0-0 7. Ngf3 c6 8. a3 Bd7 9. Qb3 Qb6 10. Qc2 Qd8 11. Qb3 Qb6 12. Qc2 Qd8 13. Qb3 Qb6 1/2-1/2

[Event "AUT-chT2O 0304"]
[Site "Austria"]
[Date "2003.12.08"]
[Round "7.4"]
[White "Plank, Franz"]
[Black "Bachmayer, Josef"]
[Result "1-0"]
[WhiteElo "2236"]
[BlackElo "2170"]
[PlyCount "139"]
[EventDate "2003.10.25"]
[EventType "team-tourn"]
[EventRounds "11"]
[EventCountry "AUT"]
[SourceTitle "EXT 2005"]
[Source "ChessBase"]
[SourceDate "2004.11.15"]
[SourceVersion "1"]
[SourceVersionDate "2004.11.15"]
[SourceQuality "1"]
[WhiteTeam "Gols Raiba"]
[BlackTeam "Amstetten"]
[WhiteTeamCountry "AUT"]
[BlackTeamCountry "AUT"]

1. d4 f5 2. Nc3 Nf6 3. Bg5 d5 4. e3 e6 5. Bd3 Be7 6. Nf3 Nbd7 7. Ne2 Ne4 8. Bxe7 Qxe7 9. a3 0-0 10. c4 c6 11. Rc1 Kh8 12. Bb1 g5 13. Nd2 Ndf6 14. Nxe4 fxe4 15. Ng3 Bd7 16. 0-0 g4 17. f3 gxf3 18. gxf3 exf3 19. Rxf3 Qg7 20. Bd3 Be8 21. Kh1 Bg6 22. Qc2 Bxd3 23. Qxd3 Ng4 24. Rcf1 Rxf3 25. Rxf3 Rf8 26. Qf1 Rxf3 27. Qxf3 Nf6 28. cxd5 cxd5 29. Nh5 Nxh5 30. Qxh5 Qf6 31. Kg2 Kg7 32. Qg4+ Kf7 33. Kg3 Ke7 34. Qh5 Qg7+ 35. Kf4 Kd7 36. Qg5 Qf8+ 37. Kg4 Qf7 38. h4 Kc6 39. h5 Qf2 40. Qe5 Qg2+ 41. Kh4 Kd7 42. b3 a6 43. Qf4 Kc6 44. Qe5 Kd7 45. a4 b5 46. Qf4 Kc6 47. Qg5 Qh2+ 48. Kg4 Qg2+ 49. Kf4 Qh2+ 50. Kf3 Qh1+ 51. Ke2 Qh2+ 52. Ke1 Qh1+ 53. Kd2 Qb1 54. Qe5 Qb2+ 55. Ke1 Qxb3 56. Qxe6+ Kc7 57. Qe7+ Kc8 58. Qe8+ Kc7 59. Kf2 a5 60. Qe7+ Kb8 61. Qf8+ Kb7 62. Qg7+ Kb6 63. Qh6+ Kb7 64. Qxh7+ Kb6 65. Qg6+ Kb7 66. h6 bxa4 67. h7 Qb2+ 68. Kf3 Qc1 69. Qf7+ Kb6 70. Qe6+ 1-0